| 000 | 00836nas a2200265 4500 | ||
|---|---|---|---|
| 001 | BR2014001884 | ||
| 003 | BR-BrBNA | ||
| 005 | 20231205123831.0 | ||
| 007 | ta | ||
| 008 | 230509b bl.|||p| |||| 00| 00por d | ||
| 040 |
_aBR-BrBNA _bpor _cBiblioteca Nacional de Agricultura |
||
| 041 | _a(Pt) | ||
| 072 | _aL72 | ||
| 100 | 1 | _aPepinelli, M. | |
| 100 | 1 | _aTrivinho-Strixino, S. | |
| 100 | 1 | _aHamada, N. | |
| 245 | 1 | _aImaturos de Simuliidae (Diptera, Nematocera)e caracterização de seus criadouros no Parque Estadual Intervales, SP, Brasil | |
| 650 | _aMOSQUITO | ||
| 650 | _aLARVA | ||
| 650 | _aPUPA | ||
| 650 | _aAMOSTRAGEM | ||
| 773 | 0 |
_tRevista Brasileira de Entomologia (Brazil) _xISSN 0085-5626 _g(Oct-Dec 2005), v. 49(4) p. 527-530 _wBR2014001884 |
|
| 909 |
_a202311 _bLúcia _c55 _dLúcia Elande |
||
| 942 |
_2AGRIS _n0 _cANA |
||
| 999 |
_c235937 _d235937 |
||